Management Consultancy Report 2002 (Record no. 72556)
[ view plain ]
| 000 -LEADER | |
|---|---|
| fixed length control field | 01217cam a2200217 4500 |
| 001 - CONTROL NUMBER | |
| control field | WB3916-11 |
| 008 - FIXED-LENGTH DATA ELEMENTS--GENERAL INFORMATION | |
| fixed length control field | 030429n2003 000 0 eng u |
| 035 ## - SYSTEM CONTROL NUMBER | |
| System control number | (Sirsi) u122102 |
| 245 ## - TITLE STATEMENT | |
| Title | Management Consultancy Report 2002 |
| 260 ## - PUBLICATION, DISTRIBUTION, ETC. | |
| Date of publication, distribution, etc. | 2003 |
| 490 ## - SERIES STATEMENT | |
| Series statement | Management Consultancies Association Press Release |
| Volume/sequential designation | 28 April 2003, (2) |
| 520 ## - SUMMARY, ETC. | |
| Summary, etc. | Annual report of the Management Consultancies Association (MVA) illustrates the effect of lower growth on the profession with fee incomes for leading UK consultancy firms down to 4% in 2002, down from 17% in 2001. This growth was sustained by increasing work in the public sector which compensated for the decline in the private sector. Areas that have performed relatively well include IT, aerospace,defence and insurance sectors. MCA president Ian Watmore argues the industry needs to adapt to a sustained period of lower growth. For the MCA Press Release: http://www.mca.org.uk/index.cfm?gopage=news&issearch=1&News__Ref=418&xprint=1 |
| 590 ## - LOCAL NOTE (RLIN) | |
| Local note | WB |
| 650 ## - SUBJECT ADDED ENTRY--TOPICAL TERM | |
| Topical term or geographic name entry element | MANAGEMENT CONSULTANCIES ASSOCIATION |
| 650 ## - SUBJECT ADDED ENTRY--TOPICAL TERM | |
| Topical term or geographic name entry element | FEE INCOME |
| 650 ## - SUBJECT ADDED ENTRY--TOPICAL TERM | |
| Topical term or geographic name entry element | ECONOMIC DOWNTURN |
| 650 ## - SUBJECT ADDED ENTRY--TOPICAL TERM | |
| Topical term or geographic name entry element | DEFENCE SECTOR |
| 650 ## - SUBJECT ADDED ENTRY--TOPICAL TERM | |
| Topical term or geographic name entry element | INSURANCE SECTOR |
| 690 ## - LOCAL SUBJECT ADDED ENTRY--TOPICAL TERM (OCLC, RLIN) | |
| Topical term or geographic name as entry element | MANAGEMENT |
| 942 ## - ADDED ENTRY ELEMENTS (KOHA) | |
| Suppress in OPAC | 0 |
| Withdrawn status | Lost status | Source of classification or shelving scheme | Damaged status | Not for loan | Home library | Current library | Shelving location | Date acquired | Total Checkouts | Full call number | Barcode | Date last seen | Copy number | Price effective from | Koha item type |
|---|---|---|---|---|---|---|---|---|---|---|---|---|---|---|---|
| Dewey Decimal Classification | London | London | News article | 29/04/2003 | WB3916-11 | 122102-1001 | 06/08/2019 | 1 | 06/08/2019 | News article |